| 000 | 00636nam a2200193Ia 4500 | ||
|---|---|---|---|
| 008 | 090123s9999 xx 000 0 und d | ||
| 082 | _b38137 | ||
| 100 | _aबाखरु हरी कृष्ण | ||
| 245 | _aबहुगुणी वनौषधी | ||
| 250 | _a1 | ||
| 260 |
_bरोहन प्रकाशन _c2005 |
||
| 300 | _a189 | ||
| 600 | _aबाखरु हरी कृष्ण | ||
| 630 | _aबहुगुणी वनौषधी | ||
| 700 | _aबाखरु हरी कृष्ण | ||
| 700 | _aमांडे अरुण | ||
| 730 | _aबहुगुणी वनौषधी | ||
| 942 | _cBOOK | ||
| 999 |
_c76129 _d76129 |
||